|
|
|
|
| LEADER |
00000nam0a2200000 4500 |
| 001 |
331190 |
| 005 |
20231102004331.0 |
| 035 |
|
|
|a (RuTPU)RU\TPU\book\356983
|
| 090 |
|
|
|a 331190
|
| 100 |
|
|
|a 20170418d1974 km y0rusy50 ca
|
| 101 |
0 |
|
|a rus
|
| 102 |
|
|
|a RU
|
| 105 |
|
|
|a a z 001zy
|
| 200 |
1 |
|
|a Теория конструкций контактов в электронной аппаратуре
|f В. И. Смирнов, Ф. Ю. Матта
|
| 210 |
|
|
|a Москва
|c Советское радио
|d 1974
|
| 215 |
|
|
|a 174 с.
|c ил.
|
| 225 |
1 |
|
|a Библиотека радиоконструктора
|
| 320 |
|
|
|a Библиогр.: с. 166-170
|
| 320 |
|
|
|a Предметный указатель: с. 171-172
|
| 606 |
1 |
|
|a Радиоэлектронная аппаратура
|x Контакты
|x Конструкция и расчет
|2 stltpush
|3 (RuTPU)RU\TPU\subj\23426
|9 48025
|
| 610 |
1 |
|
|a электронная аппаратура
|
| 610 |
1 |
|
|a конструкции
|
| 610 |
1 |
|
|a прижимистые контакты
|
| 610 |
1 |
|
|a неразъемные соединения
|
| 610 |
1 |
|
|a интегральные схемы
|
| 610 |
1 |
|
|a пленочные контакты
|
| 610 |
1 |
|
|a сопротивление
|
| 610 |
1 |
|
|a механические явления
|
| 610 |
1 |
|
|a химические явления
|
| 610 |
1 |
|
|a электрические явления
|
| 610 |
1 |
|
|a тепловые явления
|
| 675 |
|
|
|a 621.396.6.06
|v 4
|
| 700 |
|
1 |
|a Смирнов
|b В. И.
|g Вениамин Иванович
|
| 701 |
|
1 |
|a Матта
|b Ф. Ю.
|g Фарид Юзеф
|
| 801 |
|
1 |
|a RU
|b 63413507
|c 20170418
|
| 801 |
|
2 |
|a RU
|b 63413507
|c 20170419
|g RCR
|
| 942 |
|
|
|c BK
|